Stormlight Archive - Countries of Roshar - Statistics

General Stats
  • This quiz has been taken 210 times
  • The average score is 9 of 26
Answer Stats
Hint Answer % Correct
A Alethkar
98%
JK Jah Keved
82%
A Azir
71%
S Shinovar
63%
I Iri
57%
H Herdaz
56%
T Thaylenah
53%
A Aimia
48%
E Emul
47%
T Tukar
36%
F Frostlands
35%
R Rira
33%
T Tashikk
22%
TB Tu Bayla
22%
S Steen
19%
B Babatharnam
18%
M Marat
18%
GH Greater Hexi
17%
L Liafor
17%
Y Yezier
17%
M Marabethia
15%
TF Tu Fallia
13%
D Desh
12%
A Alm
11%
T Triax
11%
Y Yulay
8%
No matching quizzes found
Score Distribution
Percent of People with Each Score
Percentile by Number Answered
Your Score History
You have not taken this quiz